| 000 | 00475nam a2200169 a 4500 | ||
|---|---|---|---|
| 005 | 20140412111339.0 | ||
| 008 | 050411s19uu xx 00 eng d | ||
| 020 | _a0-19-272348-0 | ||
| 050 |
_aTR(PS E _bWi72 2000 |
||
| 100 | _aPaul, Korky | ||
| 245 |
_aWinnie flies again / _cKorky Paul and Valerie Thomas. |
||
| 260 |
_aOxford : _bUniversity Press, _c2000. |
||
| 300 | _a1 v. (unp.) ; ill. | ||
| 650 |
_aWitches _xFiction |
||
| 650 | _aChildren stories | ||
| 999 |
_c105089 _d105089 |
||